|
|
|
|
| LEADER |
00938cam a2200253 7i4500 |
| 001 |
0000020145 |
| 005 |
20240723090000.0 |
| 008 |
240715s1997 my # ### #00001eng## |
| 020 |
# |
# |
|a 9678904594
|
| 040 |
# |
# |
|a UMT
|b eng
|c UMT
|d Malcat
|e rda
|
| 090 |
0 |
0 |
|a KPG 881 .A31949
|b A7 1997
|
| 110 |
1 |
# |
|a Malaysia
|
| 245 |
1 |
0 |
|a Bills of Exchange Act 1949 (Act 204) & Bills of Sale Act 1950 (Act 268) :
|b (as at 31st March 1997)
|c compiled by Legal Research Board.
|
| 264 |
# |
1 |
|a Kuala Lumpur:
|b International Law Book Services,
|c 1997
|
| 300 |
# |
# |
|a 73 pages;
|c 24 cm
|
| 336 |
# |
# |
|a text --
|2 rdacontent
|
| 337 |
# |
# |
|a unmediated --
|2 rdamedia
|
| 338 |
# |
# |
|a volume --
|2 rdacarrier
|
| 590 |
# |
# |
|a Perpustakaan Sultanah Nur Zahirah
|
| 650 |
0 |
0 |
|a Bills of exchange --
|z Malaysia
|
| 650 |
0 |
0 |
|a Bills of sale --
|z Malaysia
|
| 650 |
0 |
0 |
|a Commercial law --
|z Malaysia
|
| 710 |
2 |
# |
|a Legal Research Board
|
| 999 |
|
|
|a 1000387868
|b Book
|c Open Shelf
|e KOLEKSI TERBUKA
|